000 01158nam a2200325 i 4500
003 EG-GICUC
005 20260331152433.0
008 260331s1975 ua ||||fr|||| 00| 0 ara d
017 _a1975/1719
040 _a EG-GICUC
_bara
_c EG-GICUC
_d EG-GICUC
_erda
041 0 _aara
082 0 4 _221
_a345.255
_bأ ح . م
092 0 4 _221
099 _aLaw1 07 345.255 أ ح . م 1975
100 0 _aأحمد رشيد
_eمؤلف.
245 1 0 _aمقدمة في الإدارة المحلية /
_cدكتور أحمد رشيد
264 3 _aالقاهرة :
_b مطابع الهيئة المصرية العامة للكتاب،
_c1975.
300 _a122 صفحة ؛
_c24 سم
336 _2rda content
_atext
337 _2rda media
_aComputer
338 _2rda carrier
_aOnline Resource
504 _aيشتمل علي ارجاعات ببليوجرافية.
546 _aالنص باللغة العربية
650 1 4 _aالقانون الإداري
_2qrmak
650 1 4 _aالمجالس التنفيذية المحلية
651 1 _2qrmak
856 4 0 _uhttps://fll.law.cu.edu.eg/fulltext/bks/B07-00871.pdf
905 _a74
942 _2ddc
_n0
_cBK
_e21
999 _c67842
_d67842